| 000 | 01032ngm a2200169 4500 | ||
|---|---|---|---|
| 008 | b fr fre u | ||
| 040 | _aLB-BrCRDP | ||
| 082 | 1 |
_a618.4 _bFau |
|
| 100 | 1 | _aPascal, Faure | |
| 245 | 1 | 0 |
_a L'accouchement :Vidéocassette _cPascal Faure, J.F.Schmit |
| 260 |
_aSarreguemines _bPierron Multimédia |
||
| 300 |
_aDurée : 10mn _bVHS Secam-Vidéogramme didactique - notice |
||
| 520 | _aLe suivi de la grossesse et les accouchements se sont peu à peu médicalisés avec le temps .Un certain nombre de découvertes techniques ont permis des progrès importants :L'échographie , le monitoring , la péridurable ,... Une meilleure connaissance des mécanismes a également participé à cette amélioration . Ce vidéogramme propose la préparation et le déroulement d'un accouchement dans les conditions actuelles . Il permet d'aborder quelques notions liées à la viviparité et à son fonctionnement . | ||
| 700 | 1 | _aJ.F., Schmit | |
| 942 | _cVM | ||
| 999 |
_c8857 _d8857 |
||